[Event "Province VR 80th"]
[Site "Zevio Verona"]
[Date "2020.01.25"]
[Round "3.14"]
[White "Leone, Cataldo"]
[Black "Zonta, Riccardo"]
[Result "1/2-1/2"]
[WhiteElo "1503"]
[BlackElo "1488"]
[PlyCount "51"]
[EventDate "2020.01.24"]
[EventType "swiss"]
[EventRounds "5"]
[EventCountry "ITA"]
[SourceTitle "EXT 2024"]
[Source "ChessBase"]
[SourceDate "2023.10.10"]
[SourceVersion "1"]
[SourceVersionDate "2023.10.10"]
[SourceQuality "1"]

1. e4 d5 2. exd5 Qxd5 3. Nc3 Qd8 4. d4 g6 5. Bf4 c6 6. Nf3 Bg4 7. Be2 Nf6 8. h3 Bxf3 9. Bxf3 Bg7 10. 0-0 0-0 11. Qd2 Nbd7 12. Rad1 e6 13. Rfe1 Nb6 14. b3 Re8 15. Ne4 Nxe4 16. Bxe4 Nd5 17. Bh6 Nf6 18. Bxg7 Kxg7 19. c4 Nxe4 20. Rxe4 Qd7 21. Rh4 h5 22. Qg5 f6 23. Qg3 Rh8 24. Re4 Rae8 25. Rde1 Kf7 26. Qf3 1/2-1/2

[Event "Basso Veronese op 7th"]
[Site "Casaleone"]
[Date "2014.05.18"]
[Round "4"]
[White "Zonta, Riccardo"]
[Black "Belloni, Umberto"]
[Result "0-1"]
[WhiteElo "1606"]
[BlackElo "1757"]
[PlyCount "102"]
[EventDate "2014.05.16"]
[EventType "swiss"]
[EventRounds "5"]
[EventCountry "ITA"]
[SourceTitle "EXT 2015"]
[Source "ChessBase"]
[SourceDate "2014.11.20"]
[SourceVersion "1"]
[SourceVersionDate "2014.11.20"]
[SourceQuality "1"]

1. e4 e6 2. d4 d5 3. exd5 Qxd5 4. Nf3 Nf6 5. c4 Qd6 6. Nc3 a6 7. Be2 c5 8. 0-0 cxd4 9. Qxd4 Nc6 10. Qxd6 Bxd6 11. h3 h6 12. a3 g5 13. Be3 g4 14. hxg4 Nxg4 15. Bb6 Rg8 16. Rad1 Ke7 17. g3 f5 18. c5 Bb8 19. Nd4 Nxd4 20. Rxd4 Be5 21. Rd3 Bd7 22. Bf3 Bc6 23. Bxc6 bxc6 24. Rfd1 Nf6 25. b4 Bxc3 26. Rxc3 Nd5 27. Rcd3 f4 28. Kg2 Rg6 29. Rh1 Rag8 30. Rh4 e5 31. Ba5 Re6 32. b5 axb5 33. Bd2 e4 34. Rb3 e3 35. Be1 fxg3 36. fxg3 Ra8 37. Kf3 Kf7 38. Ke2 Kg6 39. Kd3 Rd8 40. Ke2 Rde8 41. Ba5 Nf6 42. Be1 h5 43. Rhb4 Nd5 44. Rh4 Re4 45. Rxe4 Rxe4 46. Kf3 Rc4 47. Bb4 Kf5 48. Rb2 Rc1 49. Kg2 Rd1 50. Rc2 Nxb4 51. axb4 Rd2+ 0-1

[Event "Basso Veronese op 7th"]
[Site "Casaleone"]
[Date "2014.05.16"]
[Round "1"]
[White "Zonta, Riccardo"]
[Black "Benaddi, Redouane"]
[Result "0-1"]
[WhiteElo "1606"]
[BlackElo "1875"]
[PlyCount "68"]
[EventDate "2014.05.16"]
[EventType "swiss"]
[EventRounds "5"]
[EventCountry "ITA"]
[SourceTitle "EXT 2015"]
[Source "ChessBase"]
[SourceDate "2014.11.20"]
[SourceVersion "1"]
[SourceVersionDate "2014.11.20"]
[SourceQuality "1"]

1. e4 d6 2. d4 g6 3. Nf3 Bg7 4. Bc4 Nf6 5. Nc3 0-0 6. 0-0 a6 7. a3 Nbd7 8. h3 e5 9. d5 b5 10. Ba2 h6 11. b4 Nh7 12. Nh2 f5 13. f3 Ndf6 14. Nb1 Nh5 15. Nc3 Ng3 16. Re1 f4 17. Nf1 Qh4 18. Ne2 Bxh3 19. gxh3 Qxh3 20. Nexg3 fxg3 21. Qe2 Rf4 22. Qg2 Ng5 23. Bxf4 exf4 24. Rad1 Qh4 25. Nxg3 fxg3 26. Kf1 Nxf3 27. Re3 Nh2+ 28. Ke2 Be5 29. Kd3 Rf8 30. Rh1 Rf2 31. Qg1 g2 32. Bb3 Bf4 33. e5 Bxe3 34. Rxh2 Qd4# 0-1

[Event "Verona Province-ch"]
[Site "Zevio Verona"]
[Date "2014.01.25"]
[Round "4"]
[White "Marcori, Mirko"]
[Black "Zonta, Riccardo"]
[Result "1-0"]
[WhiteElo "1752"]
[BlackElo "1634"]
[PlyCount "69"]
[EventDate "2014.01.18"]
[EventType "swiss"]
[EventRounds "6"]
[EventCountry "ITA"]
[SourceTitle "EXT 2015"]
[Source "ChessBase"]
[SourceDate "2014.11.20"]
[SourceVersion "1"]
[SourceVersionDate "2014.11.20"]
[SourceQuality "1"]

1. d4 d5 2. Nf3 Nf6 3. c4 c6 4. cxd5 cxd5 5. e3 Qb6 6. Nc3 Nc6 7. Bd3 Bg4 8. 0-0 e6 9. a3 Be7 10. h3 Bh5 11. b4 0-0 12. Bb2 a6 13. Na4 Qa7 14. Rc1 Rfc8 15. Nc5 b5 16. Qe2 Nd7 17. e4 Nxc5 18. dxc5 d4 19. g4 Bg6 20. Nxd4 Ne5 21. Nxb5 Qb8 22. Bxe5 Qxe5 23. f4 Qb8 24. Nc3 f6 25. Na4 Bd8 26. Bxa6 Rc7 27. b5 Re7 28. b6 Be8 29. Bb5 g5 30. Bxe8 Rxe8 31. Qb5 Be7 32. c6 Rxa4 33. c7 Qc8 34. Qxe8+ Qxe8 35. c8Q 1-0

[Event "Verona Province-ch"]
[Site "Zevio Verona"]
[Date "2014.01.18"]
[Round "1"]
[White "Zonta, Riccardo"]
[Black "Rizzati, Aldo"]
[Result "0-1"]
[WhiteElo "1634"]
[BlackElo "1908"]
[PlyCount "60"]
[EventDate "2014.01.18"]
[EventType "swiss"]
[EventRounds "6"]
[EventCountry "ITA"]
[SourceTitle "EXT 2015"]
[Source "ChessBase"]
[SourceDate "2014.11.20"]
[SourceVersion "1"]
[SourceVersionDate "2014.11.20"]
[SourceQuality "1"]

1. e4 e5 2. Nc3 Bc5 3. g3 Nf6 4. Bg2 d6 5. Nge2 Bg4 6. f3 Be6 7. d4 exd4 8. Nxd4 h6 9. 0-0 Nc6 10. Be3 0-0 11. Kh1 Bc4 12. Re1 Bb4 13. Nxc6 bxc6 14. a3 Ba5 15. b4 Bb6 16. Bxb6 axb6 17. Ne2 Re8 18. Nd4 c5 19. Nf5 Qd7 20. bxc5 bxc5 21. Ne3 Be6 22. f4 Bh3 23. e5 Bxg2+ 24. Nxg2 Nh7 25. Qd3 Qc6 26. exd6 cxd6 27. Rxe8+ Rxe8 28. h4 Nf6 29. Rb1 Ng4 30. Qb5 Re1+ 0-1

[Event "Basso Veronese op 6th"]
[Site "Casaleone"]
[Date "2013.05.18"]
[Round "2"]
[White "Zonta, Riccardo"]
[Black "Brunelli, Flavio"]
[Result "0-1"]
[WhiteElo "1635"]
[BlackElo "1755"]
[PlyCount "96"]
[EventDate "2013.05.17"]
[EventType "swiss"]
[EventRounds "5"]
[EventCountry "ITA"]
[SourceTitle "EXT 2014"]
[Source "ChessBase"]
[SourceDate "2013.11.20"]
[SourceVersion "1"]
[SourceVersionDate "2013.11.20"]
[SourceQuality "1"]

1. e4 e6 2. d4 d5 3. exd5 exd5 4. Bd3 Nf6 5. Ne2 Bg4 6. h3 Be6 7. Be3 c6 8. Nd2 Qb6 9. Rb1 Bd6 10. c3 Qc7 11. Qb3 Nbd7 12. Kd1 a5 13. a4 0-0 14. Kc2 b5 15. Ra1 b4 16. c4 dxc4 17. Nxc4 Nb6 18. Qa2 c5 19. b3 Rab8 20. Nxd6 cxd4+ 21. Nc4 Nxc4 22. Bf4 Nd6+ 23. Kd2 Qb6 24. Rhc1 Rbd8 25. Ke1 Rfe8 26. Kf1 Nde4 27. Bc7 Qa7 28. Bxd8 Bxb3 29. Qb2 Rxd8 30. Kg1 Be6 31. Rc2 Nc3 32. Qc1 Bd7 33. Nxc3 dxc3 34. Qe1 Bxa4 35. Bxh7+ Kxh7 36. Rxa4 Rd5 37. Qa1 Qc7 38. Qb1 Kg8 39. Ra1 Rb5 40. Qf1 Qc6 41. Qd3 Nd5 42. Rac1 g6 43. Qg3 Rc5 44. h4 Qc7 45. Qxc7 Rxc7 46. Rd1 b3 47. Re2 c2 48. Rc1 b2 0-1

[Event "Basso Veronese op 6th"]
[Site "Casaleone"]
[Date "2013.05.17"]
[Round "1"]
[White "Zonta, Riccardo"]
[Black "Bonini, Roberto"]
[Result "0-1"]
[WhiteElo "1635"]
[BlackElo "1866"]
[PlyCount "142"]
[EventDate "2013.05.17"]
[EventType "swiss"]
[EventRounds "5"]
[EventCountry "ITA"]
[SourceTitle "EXT 2014"]
[Source "ChessBase"]
[SourceDate "2013.11.20"]
[SourceVersion "1"]
[SourceVersionDate "2013.11.20"]
[SourceQuality "1"]

1. e4 c6 2. Nc3 d5 3. Nf3 Nf6 4. e5 Ne4 5. d4 Qa5 6. Bd2 Nxd2 7. Qxd2 Bf5 8. Bd3 Bxd3 9. Qxd3 e6 10. a3 Nd7 11. 0-0 Be7 12. b4 Qc7 13. Rfb1 0-0 14. Ne2 b5 15. Nd2 a5 16. f4 axb4 17. axb4 Rxa1 18. Rxa1 Bxb4 19. c3 Be7 20. g3 g6 21. Kg2 Nb6 22. Nc1 Ra8 23. Qb1 Ra4 24. Nd3 Qa7 25. Rxa4 Nxa4 26. Qa1 Qa5 27. Nb1 Qb6 28. Kf3 c5 29. Ke3 cxd4+ 30. cxd4 Qc6 31. Nd2 Qc3 32. Qxc3 Nxc3 33. Nb3 Kf8 34. Ndc5 Ke8 35. Na5 Na4 36. Nd3 Kd7 37. Nb3 Kc6 38. Kd2 Kb6 39. Kc2 Ba3 40. h3 h5 41. g4 hxg4 42. hxg4 Be7 43. g5 Ba3 44. Nf2 Kc6 45. Ng4 Kd7 46. Nh6 Ke8 47. Ng4 Bb4 48. Nf2 Nb6 49. Nd3 Bf8 50. Nb2 Nc8 51. Nd3 Kd7 52. Nf2 Ne7 53. Ng4 Nf5 54. Nf2 Kc6 55. Nd3 b4 56. Nb2 Kb5 57. Kd3 Be7 58. Kc2 Bd8 59. Kd3 Bb6 60. Nd1 Ka4 61. Nc5+ Bxc5 62. dxc5 Kb5 63. c6 Kxc6 64. Nb2 Kb5 65. Kc2 Kc5 66. Nd3+ Kc4 67. Nb2+ Kd4 68. Kd2 Ke4 69. Nd3 b3 70. Nc5+ Kxf4 71. Nxb3 Kxe5 0-1

[Event "Basso Veronese op 5th"]
[Site "Casaleone"]
[Date "2012.05.??"]
[Round "6"]
[White "Kurylovich, Alena"]
[Black "Zonta, Riccardo"]
[Result "1/2-1/2"]
[WhiteElo "1491"]
[BlackElo "1654"]
[PlyCount "124"]
[EventDate "2012.05.19"]
[EventType "swiss"]
[EventRounds "6"]
[EventCountry "ITA"]
[SourceTitle "EXT 2014"]
[Source "ChessBase"]
[SourceDate "2013.11.20"]
[SourceVersion "1"]
[SourceVersionDate "2013.11.20"]
[SourceQuality "1"]

1. d4 d5 2. c4 dxc4 3. e3 Nf6 4. Bxc4 c5 5. Qb3 e6 6. Nf3 Nc6 7. dxc5 Bxc5 8. 0-0 0-0 9. Qc2 h6 10. a3 a6 11. b4 Be7 12. Bb2 b5 13. Bxb5 axb5 14. Qxc6 Bd7 15. Qc2 Rc8 16. Qd1 Bc6 17. Qxd8 Rfxd8 18. Nd4 Be8 19. Nc3 Rb8 20. h3 Nd5 21. Nxd5 Rxd5 22. Rac1 Bf6 23. Rc2 Bxd4 24. Bxd4 f6 25. Rfc1 Kh7 26. Rc7 e5 27. Bc5 Bg6 28. Be7 Kg8 29. Rc8+ Rxc8 30. Rxc8+ Kf7 31. Bc5 Bd3 32. Ra8 Bc2 33. Ra5 Ba4 34. Ra7+ Kg8 35. g4 g6 36. Kg2 f5 37. gxf5 gxf5 38. Kg3 f4+ 39. exf4 Rd3+ 40. Kg4 exf4 41. h4 Rxa3 42. Kxf4 Rh3 43. Kg4 Rh1 44. f4 Bb3 45. Rb7 Bc4 46. Kh5 Be2+ 47. Kxh6 Rxh4+ 48. Kg6 Rg4+ 49. Kf5 Rh4 50. Bd6 Bd3+ 51. Kg5 Rh1 52. Bc5 Rh2 53. f5 Rg2+ 54. Kf6 Rh2 55. Rg7+ Kh8 56. Rg6 Rh5 57. Rg5 Rxg5 58. Kxg5 Kg7 59. f6+ Kf7 60. Bd4 Bc4 61. Kf5 Bd3+ 62. Ke5 Bc4 1/2-1/2

[Event "Basso Veronese op 5th"]
[Site "Casaleone"]
[Date "2012.05.??"]
[Round "3"]
[White "Zonta, Riccardo"]
[Black "Solinas, Roberto"]
[Result "1/2-1/2"]
[WhiteElo "1654"]
[BlackElo "1718"]
[PlyCount "77"]
[EventDate "2012.05.19"]
[EventType "swiss"]
[EventRounds "6"]
[EventCountry "ITA"]
[SourceTitle "EXT 2014"]
[Source "ChessBase"]
[SourceDate "2013.11.20"]
[SourceVersion "1"]
[SourceVersionDate "2013.11.20"]
[SourceQuality "1"]

1. e4 g6 2. d4 Bg7 3. c4 d6 4. Nf3 c6 5. Be2 Nd7 6. Nc3 Qc7 7. Be3 e5 8. dxe5 Nxe5 9. Nxe5 dxe5 10. 0-0 Be6 11. Qc2 0-0-0 12. Rfd1 Ne7 13. Qb3 b6 14. Qc2 f5 15. f3 f4 16. Bf2 g5 17. b4 Rxd1+ 18. Rxd1 Rd8 19. Rxd8+ Kxd8 20. a4 Nc8 21. c5 Ke8 22. Nb1 Bf6 23. Na3 h5 24. Bc4 Qd7 25. Bxe6 Qxe6 26. cxb6 axb6 27. Qc4 Qxc4 28. Nxc4 b5 29. axb5 cxb5 30. Nb6 Nxb6 31. Bxb6 g4 32. Kf2 Kd7 33. Ke2 Be7 34. Ba5 Bd6 35. h3 gxf3+ 36. gxf3 Kc6 37. Kd3 Bc7 38. Bxc7 Kxc7 39. h4 1/2-1/2

[Event "Basso Veronese op 4th"]
[Site "Casaleone"]
[Date "2011.06.04"]
[Round "4"]
[White "Zonta, Riccardo"]
[Black "Magnabosco, Mauro Denis"]
[Result "0-1"]
[WhiteElo "1633"]
[BlackElo "1554"]
[PlyCount "80"]
[EventDate "2011.05.28"]
[EventType "swiss"]
[EventRounds "6"]
[EventCountry "ITA"]
[SourceTitle "EXT 2023"]
[Source "ChessBase"]
[SourceDate "2022.10.05"]
[SourceVersion "1"]
[SourceVersionDate "2022.10.05"]
[SourceQuality "1"]

1. e4 c5 2. b4 cxb4 3. d4 g6 4. Nf3 Bg7 5. Bb2 Nf6 6. Nbd2 d6 7. Bc4 0-0 8. 0-0 Qc7 9. Bb3 Nbd7 10. Re1 b6 11. Nf1 Bb7 12. Ng3 a5 13. a4 bxa3 14. Rxa3 b5 15. Ra1 a4 16. Ba2 Rfb8 17. Rc1 b4 18. Ba1 e6 19. h3 Ra7 20. Qd2 Ba8 21. c4 b3 22. Bb1 a3 23. Bc3 b2 24. Rcd1 a2 25. Bxb2 axb1Q 26. Rxb1 Rab7 27. c5 dxc5 28. dxc5 Nxe4 29. Nxe4 Rxb2 30. Rxb2 Rxb2 31. Qe3 Bxe4 32. Qxe4 Qxc5 33. Re3 Bh6 34. Re2 Rxe2 35. Qxe2 Bg7 36. Qd3 Ne5 37. Qd8+ Bf8 38. Qd1 Bd6 39. Qe2 Nxf3+ 40. Qxf3 Qc1+ 0-1

[Event "Basso Veronese  op-B 3rd"]
[Site "Verona"]
[Date "2010.05.29"]
[Round "1"]
[White "De Togni, Paolo"]
[Black "Zonta, Riccardo"]
[Result "1-0"]
[WhiteElo "1368"]
[BlackElo "1668"]
[PlyCount "61"]
[EventDate "2010.05.29"]
[EventType "swiss"]
[EventRounds "6"]
[EventCountry "ITA"]
[SourceTitle "EXT 2011"]
[Source "ChessBase"]
[SourceDate "2010.11.26"]
[SourceVersion "1"]
[SourceVersionDate "2010.11.26"]
[SourceQuality "1"]

1. d4 d5 2. Nf3 Nf6 3. e3 Bf5 4. c4 e6 5. Qb3 Qc8 6. Nc3 c6 7. Be2 Be7 8. Bd2 Nbd7 9. Rc1 Qb8 10. cxd5 exd5 11. 0-0 0-0 12. Rce1 h6 13. Bc1 Re8 14. Nh4 Be6 15. f4 Ne4 16. Nf3 Qc7 17. Bd3 Ndf6 18. Ne2 Bd6 19. Qd1 a5 20. Bd2 Nxd2 21. Nxd2 Bg4 22. Kf2 Bxe2 23. Rxe2 Ng4+ 24. Kg1 Rxe3 25. Rfe1 Bxf4 26. g3 Rxe2 27. Qxe2 Be3+ 28. Kg2 Re8 29. Qxg4 Qd8 30. Nf3 Qf6 31. Rxe3 1-0

[Event "Basso Veronese op 1st"]
[Site "Casaleone"]
[Date "2008.11.16"]
[Round "3"]
[White "Zonta, Riccardo"]
[Black "Pomante, Sergio"]
[Result "1-0"]
[WhiteElo "1527"]
[BlackElo "1490"]
[PlyCount "91"]
[EventDate "2008.11.15"]
[EventType "swiss"]
[EventRounds "6"]
[EventCountry "ITA"]
[SourceTitle "EXT 2011"]
[Source "ChessBase"]
[SourceDate "2010.11.26"]
[SourceVersion "1"]
[SourceVersionDate "2010.11.26"]
[SourceQuality "1"]

1. e4 d6 2. d4 Nf6 3. f3 g6 4. Nc3 Bg7 5. Be3 0-0 6. Qd2 Nc6 7. Bc4 e6 8. Nge2 d5 9. exd5 exd5 10. Bd3 Re8 11. 0-0-0 Nb4 12. Nf4 Nxd3+ 13. Nxd3 c6 14. h4 h5 15. Nf2 Bf5 16. Rdg1 Qd7 17. Ncd1 Re7 18. Bg5 Rae8 19. Ne3 Kh7 20. g4 hxg4 21. fxg4 Ne4 22. Nxe4 Bxe4 23. Rh2 f6 24. Bf4 Bf3 25. Qf2 Be4 26. g5 f5 27. c3 Kg8 28. h5 Kf7 29. hxg6+ Kxg6 30. Qh4 Rh8 31. Qg3 Ree8 32. Rh6+ Kf7 33. Rd6 Qc8 34. g6+ Kf8 35. Rf6+ Kg8 36. Rf7 Re6 37. Rxg7+ Kxg7 38. Be5+ Rxe5 39. Qxe5+ Kh6 40. g7 Re8 41. Qf6+ Kh7 42. Qh4+ Kg8 43. Qh8+ Kf7 44. g8Q+ Rxg8 45. Rg7+ Ke6 46. Qh6# 1-0